| 000 | 00728nam a2200217Ia 4500 | ||
|---|---|---|---|
| 001 | 16595 | ||
| 003 | GE_BSU | ||
| 008 | 181216s||||||||xx |||||||||||||| ||und|| | ||
| 040 | _cGE_BSU | ||
| 080 | _a821.353.1-32 | ||
| 100 | _aკვეიძე, ნესტან | ||
| 245 | _aჩვენი თვალები | ||
| 245 | _cრედ.თ.ლანჩავა.მხ.ოთარ ქანდარია | ||
| 260 | _aქუთაისი | ||
| 260 | _bსაბჭ. საქართველო, ქუთაისის ფილიალი | ||
| 260 | _c1981 | ||
| 300 | _a98გვ. ; 16სმ | ||
| 653 | _aმოთხრობები | ||
| 653 | _aჩვენი თვალები | ||
| 942 | _cBK | ||
| 999 |
_c49663 _d49663 |
||